[Event "Nordic Youth Chess Championship"]
[Site "?"]
[Date "2020.02.16"]
[Round "6.2"]
[White "Orn Birkisson, Bardur"]
[Black "Storme, Isak"]
[Result "1/2-1/2"]
[BlackElo "2314"]
[WhiteElo "2186"]
[LiveChessVersion "1.4.8"]

1. d4 {[%clk 1:30:31]} Nf6 {[%clk 1:30:41]} 2. Nf3 {[%clk 1:30:52]} d5
{[%clk 1:31:03]} 3. Bf4 {[%clk 1:31:10]} c5 {[%clk 1:31:26]} 4. e3
{[%clk 1:31:23]} Nc6 {[%clk 1:31:47]} 5. c3 {[%clk 1:31:42]} Qb6 {[%clk 1:32:02]}
6. Qb3 {[%clk 1:32:01]} c4 {[%clk 1:32:26]} 7. Qxb6 {[%clk 1:32:16]} axb6
{[%clk 1:32:47]} 8. Na3 {[%clk 1:32:37]} Bf5 {[%clk 1:30:11]} 9. Nh4
{[%clk 1:32:30]} Bg6 {[%clk 1:26:43]} 10. Nxg6 {[%clk 1:31:47]} hxg6
{[%clk 1:27:08]} 11. Nb5 {[%clk 1:24:47]} Kd7 {[%clk 1:23:29]} 12. h3
{[%clk 1:13:32]} e6 {[%clk 1:22:26]} 13. Be2 {[%clk 1:13:08]} Na7
{[%clk 1:18:01]} 14. Nxa7 {[%clk 1:11:54]} Rxa7 {[%clk 1:17:50]} 15. O-O
{[%clk 1:05:40]} Bd6 {[%clk 1:13:02]} 16. Bxd6 {[%clk 1:02:13]} Kxd6
{[%clk 1:12:57]} 17. f3 {[%clk 0:59:45]} b5 {[%clk 1:08:23]} 18. a3
{[%clk 0:58:13]} Re8 {[%clk 1:00:28]} 19. f4 {[%clk 0:50:51]} Ne4
{[%clk 0:58:02]} 20. Bf3 {[%clk 0:50:28]} f5 {[%clk 0:57:29]} 21. Bxe4
{[%clk 0:47:31]} dxe4 {[%clk 0:55:01]} 22. h4 {[%clk 0:47:33]} Rh8
{[%clk 0:50:58]} 23. g3 {[%clk 0:47:29]} Kc6 {[%clk 0:50:59]} 24. Rad1
{[%clk 0:46:44]} b6 {[%clk 0:49:32]} 25. Rd2 {[%clk 0:41:21]} Kd5
{[%clk 0:48:46]} 26. Rdd1 {[%clk 0:40:26]} b4 {[%clk 0:47:36]} 27. axb4
{[%clk 0:39:55]} Ra2 {[%clk 0:47:29]} 28. Rd2 {[%clk 0:31:18]} Kc6
{[%clk 0:46:50]} 29. Kf2 {[%clk 0:28:17]} Kb5 {[%clk 0:46:55]} 30. Ke2
{[%clk 0:28:16]} Ka4 {[%clk 0:47:04]} 31. Rb1 {[%clk 0:28:36]} Kb3
{[%clk 0:38:49]} 32. Kd1 {[%clk 0:28:22]} Rha8 {[%clk 0:36:27]} 33. Kc1
{[%clk 0:28:05]} Rd8 {[%clk 0:31:01]} 34. Rh2 {[%clk 0:20:57]} Rh8
{[%clk 0:31:14]} 35. Rd2 {[%clk 0:21:01]} Rd8 {[%clk 0:31:18]} 36. Rh2
{[%clk 0:21:19]} Rh8 {[%clk 0:31:41]} 37. Rd2 {[%clk 0:21:40]} Rd8
{[%clk 0:32:05]} 1/2-1/2

[Event "Nordic Youth Chess Championship"]
[Site "?"]
[Date "2020.02.16"]
[Round "6.3"]
[White "Kistrup, Nicolai"]
[Black "Lahdelma, Henri"]
[Result "0-1"]
[BlackElo "2253"]
[WhiteElo "2194"]
[LiveChessVersion "1.4.8"]

1. d4 {[%clk 1:30:57]} d5 {[%clk 1:30:46]} 2. c4 {[%clk 1:31:18]} c6
{[%clk 1:30:53]} 3. Nf3 {[%clk 1:31:10]} e6 {[%clk 1:30:58]} 4. e3
{[%clk 1:27:09]} Bd6 {[%clk 1:31:02]} 5. b3 {[%clk 1:25:34]} f5 {[%clk 1:31:02]}
6. Bd3 {[%clk 1:19:36]} Nf6 {[%clk 1:31:17]} 7. O-O {[%clk 1:19:02]} Qe7
{[%clk 1:31:35]} 8. Bb2 {[%clk 1:17:14]} O-O {[%clk 1:31:54]} 9. Nbd2
{[%clk 1:16:46]} Nbd7 {[%clk 1:30:21]} 10. Ne5 {[%clk 1:16:02]} Ne4
{[%clk 1:26:37]} 11. Ndf3 {[%clk 1:11:08]} Ndf6 {[%clk 1:25:47]} 12. Rc1
{[%clk 1:02:35]} Bd7 {[%clk 1:25:58]} 13. Nxd7 {[%clk 1:00:09]} Nxd7
{[%clk 1:25:18]} 14. Ne5 {[%clk 0:57:38]} Nxe5 {[%clk 1:15:26]} 15. dxe5
{[%clk 0:57:53]} Bc5 {[%clk 1:15:12]} 16. Qe2 {[%clk 0:56:07]} Rad8
{[%clk 1:00:47]} 17. Bd4 {[%clk 0:28:31]} Bb6 {[%clk 0:35:46]} 18. Bb1
{[%clk 0:16:46]} c5 {[%clk 0:22:35]} 19. Bb2 {[%clk 0:16:09]} Ba5
{[%clk 0:22:52]} 20. Rfd1 {[%clk 0:09:10]} Ng5 {[%clk 0:22:01]} 21. f4
{[%clk 0:03:32]} Ne4 {[%clk 0:21:29]} 22. cxd5 {[%clk 0:03:32]} exd5
{[%clk 0:21:35]} 23. Bxe4 {[%clk 0:02:43]} fxe4 {[%clk 0:21:18]} 24. Qb5
{[%clk 0:02:17]} b6 {[%clk 0:17:33]} 25. a3 {[%clk 0:00:46]} g5 {[%clk 0:17:10]}
26. Qc6 {[%clk 0:00:40]} gxf4 {[%clk 0:14:45]} 27. exf4 {[%clk 0:00:56]} e3
{[%clk 0:10:19]} 28. Rxd5 {[%clk 0:00:35]} e2 {[%clk 0:10:39]} 29. Rxd8
{[%clk 0:00:41]} Rxd8 {[%clk 0:10:57]} 30. Qf3 {[%clk 0:00:34]} e1=Q+
{[%clk 0:10:39]} 31. Rxe1 {[%clk 0:00:57]} Bxe1 {[%clk 0:11:07]} 32. Qg4+
{[%clk 0:00:41]} Qg7 {[%clk 0:09:28]} 33. Qe6+ {[%clk 0:01:06]} Qf7
{[%clk 0:09:44]} 34. Qg4+ {[%clk 0:00:41]} Qg6 {[%clk 0:10:06]} 35. Qf3
{[%clk 0:00:40]} Bf2+ {[%clk 0:09:34]} 36. Kxf2 {[%clk 0:00:32]} Qc2+
{[%clk 0:09:58]} 37. Ke1 {[%clk 0:00:43]} Qb1+ {[%clk 0:10:06]} 38. Kf2
{[%clk 0:00:32]} Rd2+ {[%clk 0:10:29]} 39. Kg3 {[%clk 0:00:38]} Rd3
{[%clk 0:10:52]} 40. Bc3 {[%clk 0:00:50]} Rxf3+ {[%clk 0:11:07]} 41. gxf3
{[%clk 0:01:15]} Qxb3 {[%clk 0:11:13]} 0-1

[Event "Nordic Youth Chess Championship"]
[Site "?"]
[Date "2020.02.16"]
[Round "6.4"]
[White "Lund, Gunnar"]
[Black "Skaale, Janus"]
[Result "1-0"]
[BlackElo "1799"]
[WhiteElo "2288"]
[LiveChessVersion "1.4.8"]

1. d4 {[%clk 1:30:59]} d5 {[%clk 1:30:50]} 2. Bf4 {[%clk 1:31:22]} Nf6
{[%clk 1:31:04]} 3. e3 {[%clk 1:31:46]} e6 {[%clk 1:31:23]} 4. Nf3
{[%clk 1:32:08]} Bd6 {[%clk 1:31:46]} 5. Nbd2 {[%clk 1:32:31]} O-O
{[%clk 1:31:36]} 6. Bd3 {[%clk 1:32:06]} b6 {[%clk 1:30:31]} 7. Qe2
{[%clk 1:30:40]} c5 {[%clk 1:30:45]} 8. c3 {[%clk 1:30:20]} Nc6 {[%clk 1:30:13]}
9. Ne5 {[%clk 1:20:56]} Bb7 {[%clk 1:29:29]} 10. Bg3 {[%clk 1:20:40]} Qc7
{[%clk 1:27:35]} 11. f4 {[%clk 1:20:52]} cxd4 {[%clk 1:21:34]} 12. exd4
{[%clk 1:21:08]} Ne7 {[%clk 1:18:36]} 13. O-O {[%clk 1:20:07]} Nf5
{[%clk 1:17:55]} 14. Bf2 {[%clk 1:20:30]} Ne8 {[%clk 1:09:59]} 15. Rae1
{[%clk 1:19:23]} a6 {[%clk 1:04:06]} 16. Ndf3 {[%clk 1:16:02]} b5
{[%clk 1:02:26]} 17. a3 {[%clk 1:16:25]} Nf6 {[%clk 1:01:26]} 18. Nd2
{[%clk 1:15:52]} Be7 {[%clk 0:56:43]} 19. Ng4 {[%clk 0:53:42]} Qxf4
{[%clk 0:36:41]} 20. Ne5 {[%clk 0:53:35]} Bd6 {[%clk 0:34:58]} 21. Bxf5
{[%clk 0:47:23]} Qxf5 {[%clk 0:30:46]} 22. Bh4 {[%clk 0:47:23]} Qc2
{[%clk 0:30:57]} 23. Bxf6 {[%clk 0:47:32]} gxf6 {[%clk 0:31:18]} 24. Nd7
{[%clk 0:47:52]} Be7 {[%clk 0:29:48]} 25. Nxf8 {[%clk 0:47:35]} Rxf8
{[%clk 0:29:59]} 26. Nf3 {[%clk 0:47:50]} Qg6 {[%clk 0:29:40]} 27. Qf2
{[%clk 0:44:41]} a5 {[%clk 0:26:26]} 28. Re3 {[%clk 0:42:10]} Kh8
{[%clk 0:24:06]} 29. Nh4 {[%clk 0:41:14]} Qg5 {[%clk 0:23:31]} 30. b4
{[%clk 0:39:20]} axb4 {[%clk 0:23:37]} 31. axb4 {[%clk 0:39:45]} Ra8
{[%clk 0:23:23]} 32. Nf3 {[%clk 0:33:59]} Qg6 {[%clk 0:22:43]} 33. Ne1
{[%clk 0:31:25]} Ra3 {[%clk 0:20:37]} 34. Qb2 {[%clk 0:31:12]} Ra8
{[%clk 0:20:34]} 35. Nd3 {[%clk 0:31:18]} Re8 {[%clk 0:19:55]} 36. Qe2
{[%clk 0:30:52]} Bd6 {[%clk 0:18:33]} 37. Qf2 {[%clk 0:28:52]} Be7
{[%clk 0:18:46]} 38. Rg3 {[%clk 0:28:42]} Qh6 {[%clk 0:18:46]} 39. Rh3
{[%clk 0:27:23]} Qg5 {[%clk 0:17:32]} 40. Qc2 {[%clk 0:27:28]} Qg6
{[%clk 0:15:49]} 41. Rg3 {[%clk 0:27:52]} Qh6 {[%clk 0:15:41]} 42. Nf4
{[%clk 0:27:55]} f5 {[%clk 0:11:54]} 43. Qe2 {[%clk 0:27:09]} Bc6
{[%clk 0:11:53]} 44. Nd3 {[%clk 0:26:29]} Bd6 {[%clk 0:11:44]} 45. Ne5
{[%clk 0:25:59]} Bxe5 {[%clk 0:10:59]} 46. Qxe5+ {[%clk 0:26:17]} f6
{[%clk 0:11:24]} 47. Qc7 {[%clk 0:26:04]} Ba8 {[%clk 0:11:23]} 48. Qd7
{[%clk 0:21:58]} Qf8 {[%clk 0:10:40]} 49. Rg7 {[%clk 0:21:34]} Qxg7
{[%clk 0:10:29]} 50. Qxe8+ {[%clk 0:21:56]} Qg8 {[%clk 0:10:51]} 51. Qe7
{[%clk 0:21:53]} 1-0

[Event "Nordic Youth Chess Championship"]
[Site "?"]
[Date "2020.02.16"]
[Round "6.5"]
[White "Risting, Eivind Olav"]
[Black "Takala, Jaakko"]
[Result "1-0"]
[BlackElo "1686"]
[WhiteElo "2306"]
[LiveChessVersion "1.4.8"]

1. d4 {[%clk 1:30:58]} d5 {[%clk 1:30:39]} 2. c4 {[%clk 1:31:21]} e6
{[%clk 1:29:59]} 3. Nc3 {[%clk 1:31:45]} Nf6 {[%clk 1:30:14]} 4. cxd5
{[%clk 1:32:10]} exd5 {[%clk 1:30:22]} 5. Bg5 {[%clk 1:32:33]} Bb4
{[%clk 1:30:03]} 6. e3 {[%clk 1:32:35]} Bf5 {[%clk 1:28:45]} 7. Qb3
{[%clk 1:31:52]} Bxc3+ {[%clk 1:17:27]} 8. bxc3 {[%clk 1:32:15]} Nbd7
{[%clk 1:13:30]} 9. Nf3 {[%clk 1:32:01]} Nb6 {[%clk 1:11:47]} 10. a4
{[%clk 1:31:50]} a5 {[%clk 1:10:58]} 11. Bb5+ {[%clk 1:32:04]} c6
{[%clk 1:07:04]} 12. Be2 {[%clk 1:32:27]} Rb8 {[%clk 1:03:23]} 13. O-O
{[%clk 1:32:30]} Nbd7 {[%clk 1:02:37]} 14. Bf4 {[%clk 1:32:51]} Rc8
{[%clk 1:01:50]} 15. Qxb7 {[%clk 1:31:53]} O-O {[%clk 1:01:42]} 16. Qb2
{[%clk 1:31:46]} Ne4 {[%clk 1:01:12]} 17. Ba6 {[%clk 1:31:01]} Ra8
{[%clk 1:01:13]} 18. Bb7 {[%clk 1:30:48]} Ra7 {[%clk 1:01:12]} 19. Bxc6
{[%clk 1:31:09]} g5 {[%clk 1:01:02]} 20. Bg3 {[%clk 1:30:43]} h5 {[%clk 1:01:02]}
21. h4 {[%clk 1:27:23]} g4 {[%clk 0:59:52]} 22. Nd2 {[%clk 1:23:21]} 1-0

[Event "Nordic Youth Chess Championship"]
[Site "?"]
[Date "2020.02.16"]
[Round "6.6"]
[White "Crevatin, Leo"]
[Black "Morkore, Rogvi"]
[Result "1-0"]
[BlackElo "1589"]
[WhiteElo "2219"]
[LiveChessVersion "1.4.8"]

1. d4 {[%clk 1:30:59]} Nf6 {[%clk 1:30:51]} 2. c4 {[%clk 1:31:12]} e6
{[%clk 1:31:12]} 3. Nc3 {[%clk 1:31:40]} Bb4 {[%clk 1:31:32]} 4. e3
{[%clk 1:32:03]} c5 {[%clk 1:31:52]} 5. Nge2 {[%clk 1:32:00]} O-O
{[%clk 1:31:19]} 6. a3 {[%clk 1:31:05]} Bxc3+ {[%clk 1:31:37]} 7. bxc3
{[%clk 1:31:12]} d6 {[%clk 1:31:28]} 8. Ng3 {[%clk 1:31:20]} Nc6 {[%clk 1:29:51]}
9. Bd3 {[%clk 1:31:40]} e5 {[%clk 1:29:04]} 10. d5 {[%clk 1:30:44]} Ne7
{[%clk 1:29:21]} 11. O-O {[%clk 1:30:31]} Ng6 {[%clk 1:28:49]} 12. Qc2
{[%clk 1:28:23]} Bd7 {[%clk 1:25:44]} 13. Rb1 {[%clk 1:27:43]} Rb8
{[%clk 1:24:08]} 14. Bd2 {[%clk 1:26:14]} Re8 {[%clk 1:21:00]} 15. f3
{[%clk 1:25:32]} Qa5 {[%clk 1:17:00]} 16. e4 {[%clk 1:21:07]} h6 {[%clk 1:10:34]}
17. Nf5 {[%clk 1:18:24]} Bxf5 {[%clk 1:05:40]} 18. exf5 {[%clk 1:18:52]} Nf4
{[%clk 1:05:55]} 19. Be4 {[%clk 1:18:07]} Qd8 {[%clk 0:54:17]} 20. g3
{[%clk 1:15:34]} Nxe4 {[%clk 0:53:45]} 21. fxe4 {[%clk 1:15:56]} Nh3+
{[%clk 0:52:30]} 22. Kg2 {[%clk 1:16:20]} Ng5 {[%clk 0:52:54]} 23. h4
{[%clk 1:16:04]} Nh7 {[%clk 0:53:17]} 24. Qd1 {[%clk 1:15:32]} Nf6
{[%clk 0:53:10]} 25. Qe2 {[%clk 1:14:25]} Nd7 {[%clk 0:48:18]} 26. Rh1
{[%clk 1:11:55]} Qf6 {[%clk 0:45:25]} 27. g4 {[%clk 1:11:39]} g5 {[%clk 0:43:45]}
28. hxg5 {[%clk 1:11:47]} hxg5 {[%clk 0:44:04]} 29. Rh5 {[%clk 1:12:04]} Qd8
{[%clk 0:43:20]} 30. Bxg5 {[%clk 1:11:56]} f6 {[%clk 0:43:33]} 31. Bd2
{[%clk 1:11:47]} Kf7 {[%clk 0:43:13]} 32. Rh7+ {[%clk 1:11:54]} Kg8
{[%clk 0:43:16]} 33. Rbh1 {[%clk 1:12:20]} Nf8 {[%clk 0:43:30]} 34. Rh8+
{[%clk 1:12:30]} Kf7 {[%clk 0:43:48]} 35. g5 {[%clk 1:12:46]} Ke7
{[%clk 0:43:15]} 36. R1h7+ {[%clk 1:12:20]} Nxh7 {[%clk 0:43:32]} 37. Rxh7+
{[%clk 1:12:48]} Kf8 {[%clk 0:43:46]} 38. Qh5 {[%clk 1:13:10]} Re7
{[%clk 0:43:47]} 39. Rh8+ {[%clk 1:13:36]} Kg7 {[%clk 0:44:12]} 40. Qh7#
{[%clk 1:14:02]} 1-0

[Event "Nordic Youth Chess Championship"]
[Site "?"]
[Date "2020.02.16"]
[Round "6.7"]
[White "Melaa, Sondre"]
[Black "Stefansson, Vignir Vatnar"]
[Result "1/2-1/2"]
[BlackElo "2323"]
[WhiteElo "2180"]
[LiveChessVersion "1.4.8"]

1. d4 {[%clk 1:30:55]} Nf6 {[%clk 1:30:43]} 2. c4 {[%clk 1:31:07]} e6
{[%clk 1:31:05]} 3. g3 {[%clk 1:31:29]} Bb4+ {[%clk 1:29:42]} 4. Bd2
{[%clk 1:31:49]} Qe7 {[%clk 1:29:09]} 5. Nf3 {[%clk 1:32:04]} Nc6
{[%clk 1:29:03]} 6. Nc3 {[%clk 1:31:34]} Bxc3 {[%clk 1:28:57]} 7. Bxc3
{[%clk 1:31:55]} Ne4 {[%clk 1:29:23]} 8. Rc1 {[%clk 1:31:35]} Nxc3
{[%clk 1:29:26]} 9. Rxc3 {[%clk 1:31:56]} d6 {[%clk 1:29:29]} 10. d5
{[%clk 1:29:52]} Nb8 {[%clk 1:29:53]} 11. dxe6 {[%clk 1:29:55]} fxe6
{[%clk 1:30:16]} 12. Bg2 {[%clk 1:26:36]} O-O {[%clk 1:30:39]} 13. O-O
{[%clk 1:26:10]} Nd7 {[%clk 1:31:03]} 14. Nd4 {[%clk 1:20:01]} Nf6
{[%clk 1:31:10]} 15. Rb3 {[%clk 1:16:09]} e5 {[%clk 1:28:11]} 16. Nc2
{[%clk 1:15:33]} c6 {[%clk 1:13:50]} 17. e4 {[%clk 1:14:10]} Be6 {[%clk 1:05:17]}
18. Ne3 {[%clk 1:07:42]} b5 {[%clk 1:04:25]} 19. Rd3 {[%clk 1:07:42]} Bxc4
{[%clk 1:02:49]} 20. Nxc4 {[%clk 1:07:55]} bxc4 {[%clk 1:03:15]} 21. Rxd6
{[%clk 0:57:10]} Rfd8 {[%clk 1:03:13]} 22. Rxd8+ {[%clk 0:57:14]} Rxd8
{[%clk 1:03:37]} 23. Qa4 {[%clk 0:57:22]} Qc5 {[%clk 1:03:53]} 24. Rd1
{[%clk 0:57:00]} Rd4 {[%clk 1:03:08]} 25. Rxd4 {[%clk 0:56:21]} exd4
{[%clk 1:03:03]} 26. e5 {[%clk 0:56:30]} Nd5 {[%clk 1:00:14]} 27. Bh3
{[%clk 0:42:17]} a5 {[%clk 0:54:25]} 28. b4 {[%clk 0:35:17]} Nxb4
{[%clk 0:47:23]} 29. Qd1 {[%clk 0:35:07]} Qxe5 {[%clk 0:40:31]} 30. Qg4
{[%clk 0:35:21]} Nd5 {[%clk 0:35:46]} 31. Qd7 {[%clk 0:33:24]} Kf8
{[%clk 0:33:56]} 32. Qxc6 {[%clk 0:30:04]} c3 {[%clk 0:31:14]} 33. Qc5+
{[%clk 0:26:59]} Kf7 {[%clk 0:28:19]} 34. Bg2 {[%clk 0:25:32]} Qe1+
{[%clk 0:28:41]} 35. Bf1 {[%clk 0:25:56]} Nb4 {[%clk 0:23:47]} 36. Qf5+
{[%clk 0:15:24]} Ke7 {[%clk 0:23:49]} 37. Qc5+ {[%clk 0:15:26]} Ke6
{[%clk 0:23:33]} 38. Qc4+ {[%clk 0:08:56]} Ke7 {[%clk 0:22:32]} 39. Qc5+
{[%clk 0:09:18]} Ke6 {[%clk 0:22:02]} 40. Qc4+ {[%clk 0:09:39]} Ke5
{[%clk 0:16:49]} 41. Qc7+ {[%clk 0:02:50]} Kf6 {[%clk 0:12:16]} 42. Qf4+
{[%clk 0:02:21]} Ke6 {[%clk 0:10:43]} 43. Qg4+ {[%clk 0:02:45]} Kf7
{[%clk 0:06:22]} 44. Qf5+ {[%clk 0:03:07]} Ke7 {[%clk 0:06:47]} 1/2-1/2

[Event "Nordic Youth Chess Championship"]
[Site "?"]
[Date "2020.02.16"]
[Round "6.8"]
[White "Vitenberg, Noam Aviv"]
[Black "Multanen, Jimi"]
[Result "1-0"]
[BlackElo "1701"]
[WhiteElo "2276"]
[LiveChessVersion "1.4.8"]

1. Nf3 {[%clk 1:30:48]} Nf6 {[%clk 1:30:51]} 2. c4 {[%clk 1:31:06]} e6
{[%clk 1:31:17]} 3. Nc3 {[%clk 1:31:26]} d5 {[%clk 1:31:38]} 4. d4
{[%clk 1:31:33]} c5 {[%clk 1:32:05]} 5. cxd5 {[%clk 1:30:08]} Nxd5
{[%clk 1:32:32]} 6. e4 {[%clk 1:25:39]} Nxc3 {[%clk 1:32:55]} 7. bxc3
{[%clk 1:26:03]} cxd4 {[%clk 1:33:21]} 8. cxd4 {[%clk 1:26:22]} Bb4+
{[%clk 1:33:48]} 9. Bd2 {[%clk 1:26:44]} Bxd2+ {[%clk 1:34:12]} 10. Qxd2
{[%clk 1:27:10]} O-O {[%clk 1:34:34]} 11. Bc4 {[%clk 1:27:24]} Nd7
{[%clk 1:34:53]} 12. O-O {[%clk 1:26:53]} b6 {[%clk 1:35:10]} 13. d5
{[%clk 1:24:40]} Nc5 {[%clk 1:26:50]} 14. Qf4 {[%clk 1:22:43]} Bb7
{[%clk 1:21:53]} 15. Rfe1 {[%clk 1:16:43]} exd5 {[%clk 1:16:34]} 16. exd5
{[%clk 1:16:17]} b5 {[%clk 1:03:01]} 17. Bxb5 {[%clk 1:13:39]} Qxd5
{[%clk 1:02:11]} 18. Bc4 {[%clk 1:11:16]} Qc6 {[%clk 1:02:18]} 19. Rac1
{[%clk 1:10:27]} Qg6 {[%clk 0:58:52]} 20. Nh4 {[%clk 1:08:41]} Qb6
{[%clk 0:56:09]} 21. Nf5 {[%clk 1:07:21]} Ne6 {[%clk 0:55:07]} 22. Qg3
{[%clk 1:05:44]} g6 {[%clk 0:54:50]} 23. Rb1 {[%clk 1:00:23]} Qc5
{[%clk 0:54:10]} 24. Bxe6 {[%clk 0:59:46]} fxe6 {[%clk 0:53:54]} 25. Nh6+
{[%clk 0:59:45]} Kg7 {[%clk 0:54:23]} 26. Rxb7+ {[%clk 0:59:47]} Kxh6
{[%clk 0:54:50]} 27. Qh4+ {[%clk 0:59:49]} Qh5 {[%clk 0:55:08]} 28. Qe7
{[%clk 1:00:05]} 1-0

[Event "Nordic Youth Chess Championship"]
[Site "?"]
[Date "2020.02.16"]
[Round "6.9"]
[White "Stage-Steffensen, Sander"]
[Black "Muntean, Victor"]
[Result "1-0"]
[BlackElo "1960"]
[WhiteElo "2105"]
[LiveChessVersion "1.4.8"]

1. e4 {[%clk 1:30:58]} e5 {[%clk 1:30:15]} 2. Nf3 {[%clk 1:31:20]} Nc6
{[%clk 1:30:33]} 3. Bc4 {[%clk 1:31:42]} Nf6 {[%clk 1:30:38]} 4. d3
{[%clk 1:32:06]} Be7 {[%clk 1:30:37]} 5. c3 {[%clk 1:32:16]} O-O {[%clk 1:30:51]}
6. O-O {[%clk 1:32:36]} d6 {[%clk 1:30:44]} 7. Re1 {[%clk 1:32:24]} Na5
{[%clk 1:31:05]} 8. Bb5 {[%clk 1:32:37]} a6 {[%clk 1:31:28]} 9. Ba4
{[%clk 1:33:02]} b5 {[%clk 1:31:53]} 10. Bc2 {[%clk 1:33:28]} c5 {[%clk 1:32:16]}
11. Nbd2 {[%clk 1:32:52]} Nc6 {[%clk 1:29:02]} 12. Nf1 {[%clk 1:32:08]} h6
{[%clk 1:20:17]} 13. Ng3 {[%clk 1:31:48]} Be6 {[%clk 1:20:24]} 14. h3
{[%clk 1:29:41]} Rc8 {[%clk 1:17:18]} 15. Nh2 {[%clk 1:23:30]} Nh7
{[%clk 1:15:39]} 16. Qe2 {[%clk 1:16:15]} Bg5 {[%clk 1:10:32]} 17. Bb3
{[%clk 1:09:34]} Ne7 {[%clk 1:07:59]} 18. Nh5 {[%clk 0:59:31]} c4
{[%clk 1:03:18]} 19. Bxg5 {[%clk 0:55:41]} Nxg5 {[%clk 1:01:47]} 20. Bc2
{[%clk 0:55:53]} g6 {[%clk 0:57:32]} 21. Ng3 {[%clk 0:46:35]} f5 {[%clk 0:55:15]}
22. exf5 {[%clk 0:42:16]} gxf5 {[%clk 0:54:24]} 23. Qh5 {[%clk 0:37:30]} Kg7
{[%clk 0:46:31]} 24. h4 {[%clk 0:33:45]} Nh7 {[%clk 0:43:37]} 25. Rad1
{[%clk 0:26:11]} Nf6 {[%clk 0:43:23]} 26. Qe2 {[%clk 0:24:37]} f4
{[%clk 0:33:22]} 27. Nh5+ {[%clk 0:23:52]} Nxh5 {[%clk 0:33:44]} 28. Qxh5
{[%clk 0:24:21]} Bf5 {[%clk 0:34:01]} 29. Qe2 {[%clk 0:20:50]} Ng6
{[%clk 0:30:55]} 30. dxc4 {[%clk 0:18:55]} Rxc4 {[%clk 0:28:36]} 31. Bxf5
{[%clk 0:18:05]} Rxf5 {[%clk 0:28:56]} 32. Qg4 {[%clk 0:17:26]} Kf6
{[%clk 0:28:42]} 33. Nf3 {[%clk 0:16:49]} h5 {[%clk 0:26:37]} 34. Qh3
{[%clk 0:17:18]} d5 {[%clk 0:25:37]} 35. Nd2 {[%clk 0:15:52]} Ra4
{[%clk 0:21:57]} 36. Ne4+ {[%clk 0:15:21]} Rxe4 {[%clk 0:21:01]} 37. Rxe4
{[%clk 0:15:45]} Ke6 {[%clk 0:21:26]} 38. c4 {[%clk 0:11:21]} bxc4
{[%clk 0:20:36]} 39. Rxc4 {[%clk 0:11:28]} Qb6 {[%clk 0:19:06]} 40. Rc2
{[%clk 0:10:38]} d4 {[%clk 0:18:25]} 41. Rdc1 {[%clk 0:09:38]} Ne7
{[%clk 0:18:51]} 42. Qf3 {[%clk 0:09:41]} Qb5 {[%clk 0:18:22]} 43. b3
{[%clk 0:08:05]} Kd6 {[%clk 0:16:48]} 44. a4 {[%clk 0:07:51]} Qb6
{[%clk 0:17:06]} 45. Qd3 {[%clk 0:07:49]} Rf8 {[%clk 0:15:33]} 46. Rc5
{[%clk 0:05:43]} Rb8 {[%clk 0:13:18]} 47. Qe2 {[%clk 0:04:37]} Qxc5
{[%clk 0:12:33]} 48. Rxc5 {[%clk 0:05:01]} Kxc5 {[%clk 0:13:00]} 49. Qxe5+
{[%clk 0:05:26]} 1-0

[Event "Nordic Youth Chess Championship"]
[Site "?"]
[Date "2020.02.16"]
[Round "6.10"]
[White "Easwaralingam, Adesh"]
[Black "Aalto, Patrik"]
[Result "1/2-1/2"]
[BlackElo "2080"]
[WhiteElo "2279"]
[LiveChessVersion "1.4.8"]

1. e4 {[%clk 1:30:57]} e5 {[%clk 1:30:42]} 2. Nf3 {[%clk 1:31:23]} Nc6
{[%clk 1:31:05]} 3. Bb5 {[%clk 1:31:51]} g6 {[%clk 1:30:48]} 4. d4
{[%clk 1:32:09]} exd4 {[%clk 1:30:52]} 5. Bg5 {[%clk 1:32:32]} Be7
{[%clk 1:30:35]} 6. Bxe7 {[%clk 1:32:55]} Qxe7 {[%clk 1:29:38]} 7. Bxc6
{[%clk 1:33:13]} dxc6 {[%clk 1:29:44]} 8. Qxd4 {[%clk 1:33:37]} Nf6
{[%clk 1:29:15]} 9. Nc3 {[%clk 1:33:59]} Bg4 {[%clk 1:28:15]} 10. O-O-O
{[%clk 1:34:16]} Bxf3 {[%clk 1:19:32]} 11. gxf3 {[%clk 1:34:31]} O-O
{[%clk 1:08:06]} 12. Qe3 {[%clk 1:34:45]} Nh5 {[%clk 0:54:52]} 13. Ne2
{[%clk 1:34:15]} a6 {[%clk 0:42:27]} 14. Ng3 {[%clk 1:31:16]} Nxg3
{[%clk 0:34:18]} 15. hxg3 {[%clk 1:29:45]} Rad8 {[%clk 0:33:57]} 16. Rde1
{[%clk 1:28:23]} f6 {[%clk 0:25:38]} 17. f4 {[%clk 1:24:46]} Qf7 {[%clk 0:25:35]}
18. Kb1 {[%clk 1:20:42]} Rfe8 {[%clk 0:24:00]} 19. Rd1 {[%clk 1:17:39]} Rd6
{[%clk 0:16:57]} 20. Rxd6 {[%clk 1:09:07]} cxd6 21. Qd4 {[%clk 1:09:26]} Qe6
{[%clk 0:13:55]} 22. Re1 {[%clk 1:08:52]} Re7 {[%clk 0:12:10]} 23. a3
{[%clk 1:07:49]} Rd7 {[%clk 0:10:55]} 24. Re3 {[%clk 1:07:25]} Qf7
{[%clk 0:10:03]} 25. Qd1 {[%clk 1:04:42]} Qe6 {[%clk 0:09:28]} 26. Qd4
{[%clk 1:02:00]} Qf7 {[%clk 0:08:38]} 27. b3 {[%clk 1:02:00]} Qe6
{[%clk 0:08:38]} 28. Kb2 {[%clk 1:01:44]} Qf7 {[%clk 0:08:56]} 29. c4
{[%clk 1:00:44]} Qe6 {[%clk 0:08:52]} 30. Rd3 {[%clk 0:59:19]} Kg7
{[%clk 0:06:46]} 31. f3 {[%clk 0:55:42]} Kf7 {[%clk 0:05:53]} 32. g4
{[%clk 0:52:54]} h6 {[%clk 0:05:17]} 33. Rd2 {[%clk 0:51:59]} Kg7
{[%clk 0:05:02]} 34. Kc2 {[%clk 0:48:31]} Rd8 {[%clk 0:04:02]} 35. Kd1
{[%clk 0:46:07]} Rd7 {[%clk 0:03:54]} 36. Ke2 {[%clk 0:41:33]} Rd8
{[%clk 0:04:18]} 37. Kf2 {[%clk 0:40:41]} Kf7 {[%clk 0:03:18]} 38. Rd1
{[%clk 0:40:25]} Kg7 {[%clk 0:03:40]} 39. b4 {[%clk 0:39:23]} Rd7
{[%clk 0:03:42]} 40. Rd2 {[%clk 0:33:27]} Rd8 {[%clk 0:04:06]} 41. c5
{[%clk 0:29:59]} d5 {[%clk 0:04:12]} 42. Re2 {[%clk 0:30:17]} Re8
{[%clk 0:03:47]} 43. e5 {[%clk 0:29:21]} f5 {[%clk 0:03:30]} 44. Kg3
{[%clk 0:28:22]} Rh8 {[%clk 0:03:09]} 45. Rh2 {[%clk 0:25:18]} h5
{[%clk 0:03:04]} 46. g5 {[%clk 0:23:39]} Kf7 {[%clk 0:03:32]} 47. a4
{[%clk 0:23:41]} Ra8 {[%clk 0:03:21]} 48. Rb2 {[%clk 0:23:56]} Qd7
{[%clk 0:02:28]} 49. Qd3 {[%clk 0:22:51]} Ke6 {[%clk 0:01:50]} 50. Qb3
{[%clk 0:22:28]} Qe7 {[%clk 0:01:39]} 51. Kf2 {[%clk 0:22:03]} Qf8
{[%clk 0:01:32]} 52. Ke3 {[%clk 0:22:10]} Qe7 {[%clk 0:01:07]} 53. Kd4
{[%clk 0:22:31]} h4 {[%clk 0:01:04]} 54. Rh2 {[%clk 0:22:38]} Rh8
{[%clk 0:01:12]} 55. Rh3 {[%clk 0:23:03]} Qc7 {[%clk 0:01:20]} 56. Qc3
{[%clk 0:22:13]} Qd7 {[%clk 0:01:02]} 57. Qb2 {[%clk 0:18:49]} Qc7
{[%clk 0:00:48]} 58. Qh2 {[%clk 0:17:38]} b6 {[%clk 0:00:47]} 59. Qc2
{[%clk 0:13:41]} b5 {[%clk 0:00:44]} 60. axb5 {[%clk 0:10:45]} axb5
{[%clk 0:01:06]} 61. Qa2 {[%clk 0:11:10]} Qe7 {[%clk 0:00:33]} 62. Qa6
{[%clk 0:10:03]} Qc7 {[%clk 0:00:45]} 63. Qb6 {[%clk 0:09:59]} Qd7
{[%clk 0:00:50]} 64. Qa6 {[%clk 0:09:16]} 1/2-1/2